[Event "FB1 2223 FC Bayern München - Hamburger"]
[Site "?"]
[Date "2022.11.12"]
[Round "3.2"]
[White "Exler, Veronika"]
[Black "Gaal, Zsoka"]
[Result "0-1"]
[WhiteElo "2130"]
[BlackElo "2286"]
[PlyCount "104"]
[EventDate "2022.??.??"]

1. d4 Nf6 2. Nf3 d5 3. g3 c5 4. Bg2 cxd4 5. O-O e6 6. Nxd4 e5 7. Nb3 Be6 8. c4 Nc6 9. cxd5 Nxd5 10. Nc3 Nxc3 11. Qxd8+ Kxd8 12. bxc3 Kc7 13. Rd1 Be7 14. Be3 Rad8 15. Kf1 b6 16. Ke1 Ba3 17. Bc1 Rxd1+ 18. Kxd1 Rd8+ 19. Kc2 Be7 20. f4 f6 21. Bd2 a5 22. Nc1 a4 23. Nd3 Bf5 24. e4 Be6 25. fxe5 fxe5 26. Be3 Bd6 27. Bf1 Na5 28. Nb4 Bxb4 29. cxb4 Nc4 30. Bxc4 Bxc4 31. Rc1 b5 32. a3 Rd3 33. Bd2 Rxa3 34. Bc3 Ra2+ 35. Kb1 Re2 36. Bxe5+ Kb7 37. Bxg7 Rxe4 38. Kb2 Bb3 39. Rc5 Re2+ 40. Kb1 Bc4 41. Rh5 a3 42. Kc1 a2 43. Bc3 Re1+ 44. Kc2 a1=Q 45. Bxa1 Rxa1 46. Rxh7+ Kc6 47. g4 Rg1 48. h3 Rg3 49. Rh5 Bf1 50. Rc5+ Kb6 51. g5 Bxh3 52. Kb2 Bf1 0-1

[Event "FB1 2223 FC Bayern München - Hamburger"]
[Site "?"]
[Date "2022.11.12"]
[Round "3.3"]
[White "Papp, Sarah"]
[Black "Khrapko, Marharyta"]
[Result "1-0"]
[WhiteElo "2294"]
[BlackElo "2147"]
[PlyCount "73"]
[EventDate "2022.??.??"]

1. e4 c5 2. Nf3 Nc6 3. Bb5 Nd4 4. Nxd4 cxd4 5. c3 a6 6. Ba4 b5 7. Bc2 e5 8. cxd4 exd4 9. O-O Bb7 10. f4 h5 11. d3 Nf6 12. Nd2 Ng4 13. Nf3 Qb6 14. Bb3 Be7 15. Ne5 Nxe5 16. fxe5 f6 17. exf6 gxf6 18. a4 Bd6 19. axb5 axb5 20. Rxa8+ Bxa8 21. Rf5 Kd8 22. Rxh5 Rxh5 23. Qxh5 Qa5 24. Qd1 Qc7 25. h3 Qc5 26. Bd2 Qe5 27. Qg4 Bc6 28. Kf2 Kc8 29. h4 f5 30. exf5 Bb4 31. Qg8+ Kc7 32. Bxb4 Qe3+ 33. Kf1 Qc1+ 34. Be1 Qf4+ 35. Kg1 Qe3+ 36. Bf2 Qxd3 37. Qg3+ 1-0

[Event "FB1 2223 FC Bayern München - Hamburger"]
[Site "?"]
[Date "2022.11.12"]
[Round "3.4"]
[White "Mayrhuber, Nikola"]
[Black "Genova, Lyubka"]
[Result "1/2-1/2"]
[WhiteElo "2128"]
[BlackElo "2219"]
[PlyCount "103"]
[EventDate "2022.??.??"]

1. d4 Nf6 2. c4 e6 3. Nc3 Bb4 4. e3 b6 5. Nge2 Ne4 6. Qc2 Bb7 7. a3 Bxc3+ 8. Nxc3 Nxc3 9. Qxc3 O-O 10. Bd3 f5 11. O-O d6 12. b4 Nd7 13. Bb2 Qg5 14. d5 exd5 15. h4 Qxg2+ 16. Kxg2 d4+ 17. Kh3 dxc3 18. Bxc3 Ne5 19. Be2 f4 20. c5 fxe3 21. fxe3 Rxf1 22. Rxf1 Re8 23. cxd6 cxd6 24. Rg1 Re7 25. h5 h6 26. Rg3 Kf7 27. Bd4 Ke6 28. Bg4+ Kf7 29. Bf5 Bc6 30. e4 Bd7 31. Bxd7 Rxd7 32. Bxe5 dxe5 33. Kg4 Ke6 34. Rc3 Rd4 35. Rc6+ Kd7 36. Rg6 Rxe4+ 37. Kf5 Re1 38. Rxg7+ Kd6 39. Rg6+ Kd5 40. Rxh6 Rf1+ 41. Kg5 e4 42. Rh8 e3 43. Re8 Kd4 44. h6 Rh1 45. Kg6 Kd3 46. h7 e2 47. Rd8+ Kc2 48. Re8 Kd2 49. Rd8+ Ke3 50. Re8+ Kf2 51. Rf8+ Ke3 52. Re8+ 1/2-1/2

[Event "FB1 2223 FC Bayern München - Hamburger"]
[Site "?"]
[Date "2022.11.12"]
[Round "3.5"]
[White "Ziegenfuss, Antonia"]
[Black "Dirmeier, Carolin"]
[Result "1-0"]
[WhiteElo "2112"]
[BlackElo "1951"]
[PlyCount "57"]
[EventDate "2022.??.??"]

1. d4 f5 2. c4 Nf6 3. Nc3 g6 4. g3 Bg7 5. Bg2 d6 6. Nh3 O-O 7. Bg5 c6 8. Qd2 e5 9. d5 Qc7 10. dxc6 bxc6 11. Nb5 cxb5 12. Bxa8 Bb7 13. Bxb7 Qxb7 14. O-O bxc4 15. Qxd6 Ne4 16. Qe6+ Kh8 17. Qxc4 Nc6 18. Be3 Nd4 19. Bxd4 exd4 20. Rfd1 Rc8 21. Qb3 Qa6 22. Rac1 h6 23. Nf4 Kh7 24. Rxc8 Qxc8 25. Qf7 Ng5 26. Qxg6+ Kh8 27. Nh5 Qb7 28. Qxg7+ Qxg7 29. Nxg7 1-0

[Event "FB1 2223 FC Bayern München - Hamburger"]
[Site "?"]
[Date "2022.11.12"]
[Round "3.6"]
[White "Spiel, Marianne"]
[Black "Wulf, Constanze"]
[Result "0-1"]
[WhiteElo "1831"]
[BlackElo "1830"]
[PlyCount "110"]
[EventDate "2022.??.??"]

1. e4 d5 2. exd5 Qxd5 3. Nc3 Qa5 4. d4 Nf6 5. Nf3 Nc6 6. Be2 Bg4 7. O-O O-O-O 8. Be3 e5 9. Ng5 Be6 10. Nxe6 fxe6 11. Nb5 exd4 12. Nxd4 Nxd4 13. Bxd4 Bc5 14. Bc3 Qb6 15. Qe1 Rhe8 16. Bf3 Bd6 17. Qe2 e5 18. g3 e4 19. Bg2 Be5 20. Bxe5 Rxe5 21. c3 e3 22. Rad1 exf2+ 23. Qxf2 Qxf2+ 24. Kxf2 Rxd1 25. Rxd1 c6 26. Rd2 Ne4+ 27. Bxe4 Rxe4 28. Kf3 Re6 29. h4 h5 30. Rd4 g6 31. Re4 Rd6 32. Ke3 Kd7 33. Rd4 Rxd4 34. Kxd4 Kd6 35. c4 c5+ 36. Ke4 Ke6 37. Kf4 Kf6 38. g4 a6 39. a3 b5 40. cxb5 axb5 41. b3 hxg4 42. Kxg4 Ke5 43. Kg5 c4 44. bxc4 bxc4 45. Kxg6 c3 46. h5 c2 47. h6 c1=Q 48. h7 Qg1+ 49. Kf7 Qh2 50. Kg7 Qg3+ 51. Kf7 Qh4 52. Kg7 Qg5+ 53. Kf7 Qf6+ 54. Kg8 Ke6 55. a4 Qf7+ 0-1

[Event "FB1 2223 SG Solingen - Rodewischer Scha"]
[Site "?"]
[Date "2022.11.13"]
[Round "4.1"]
[White "Sieber, Fiona"]
[Black "Gaponenko, Inna"]
[Result "0-1"]
[WhiteElo "2265"]
[BlackElo "2339"]
[PlyCount "124"]
[EventDate "2022.??.??"]

1. e4 c5 2. Nf3 d6 3. Bb5+ Bd7 4. Bxd7+ Qxd7 5. O-O Nf6 6. Qe2 Nc6 7. c3 e6 8. d4 cxd4 9. cxd4 d5 10. e5 Ne4 11. Be3 Be7 12. Ne1 f6 13. f3 Ng5 14. Nd3 Nf7 15. f4 O-O 16. Nd2 f5 17. h3 Nb4 18. Ne1 Rac8 19. Ndf3 Qa4 20. Rf2 Rc7 21. a3 Rfc8 22. b3 Qa6 23. Qd1 Nc6 24. g4 Na5 25. Bd2 Qb6 26. Bxa5 Qxa5 27. b4 Qa6 28. Qd3 Qxd3 29. Nxd3 b6 30. gxf5 exf5 31. Rff1 Rc2 32. Rfc1 Nd8 33. Rxc2 Rxc2 34. Rc1 Rxc1+ 35. Nxc1 a5 36. bxa5 bxa5 37. a4 Ne6 38. Nd3 Kf7 39. Kf2 h6 40. Ke3 g5 41. fxg5 hxg5 42. Kf2 Kg6 43. Nc1 g4 44. hxg4 fxg4 45. Nh2 Bh4+ 46. Kg2 Nf4+ 47. Kg1 Kf5 48. Nb3 Be1 49. Kf1 g3 50. Nf3 Bb4 51. Nh4+ Ke4 52. Ng2 Ne6 53. Ke2 Bc3 54. Nh4 Nxd4+ 55. Nxd4 Bxd4 56. e6 Bc5 57. Kf1 d4 58. Kg2 d3 59. Nf3 Ke3 60. Kxg3 d2 61. Nxd2 Kxd2 62. Kf4 Kc3 0-1

[Event "FB1 2223 SG Solingen - Rodewischer Scha"]
[Site "?"]
[Date "2022.11.13"]
[Round "4.2"]
[White "Muetsch, Annmarie"]
[Black "Lubbe, Melanie"]
[Result "1/2-1/2"]
[WhiteElo "2234"]
[BlackElo "2314"]
[PlyCount "43"]
[EventDate "2022.??.??"]

1. d4 Nf6 2. Bg5 c5 3. d5 Ne4 4. h4 Qb6 5. Nd2 h6 6. Bf4 Qxb2 7. Nxe4 Qb4+ 8. c3 Qxe4 9. e3 e5 10. Bg3 Qf5 11. Qa4 e4 12. Bf4 Qxd5 13. Rd1 Qe6 14. Bc4 Qf6 15. Ne2 Be7 16. Bd5 Nc6 17. Qxe4 Qg6 18. Qc4 O-O 19. Be4 Qe6 20. Bd5 Qg6 21. Be4 Qe6 22. Bd5 1/2-1/2

[Event "FB1 2223 SG Solingen - Rodewischer Scha"]
[Site "?"]
[Date "2022.11.13"]
[Round "4.3"]
[White "Movsesian, Julia"]
[Black "Kononenko, Tatiana"]
[Result "1/2-1/2"]
[WhiteElo "2261"]
[BlackElo "2346"]
[PlyCount "37"]
[EventDate "2022.??.??"]

1. e4 e6 2. d4 d5 3. Nd2 c5 4. Ngf3 Nf6 5. exd5 exd5 6. Bb5+ Bd7 7. Bxd7+ Nbxd7 8. O-O Be7 9. dxc5 Nxc5 10. Nb3 Nce4 11. Nbd4 Qc8 12. c3 O-O 13. Bf4 Bd6 14. Bxd6 Nxd6 15. Ne5 Re8 16. Nd3 Nc4 17. Qc2 a5 18. Rfe1 Qc7 19. Rxe8+ 1/2-1/2

[Event "FB1 2223 SG Solingen - Rodewischer Scha"]
[Site "?"]
[Date "2022.11.13"]
[Round "4.4"]
[White "Zozulia, Anna"]
[Black "Sliwicka, Alicja"]
[Result "1/2-1/2"]
[WhiteElo "2237"]
[BlackElo "2250"]
[PlyCount "76"]
[EventDate "2022.??.??"]

1. e4 c5 2. Nf3 e6 3. d4 cxd4 4. Nxd4 Nf6 5. Bd3 Nc6 6. Nb3 d5 7. exd5 Nxd5 8. O-O Bd6 9. c4 Nf6 10. Nc3 h6 11. Be3 O-O 12. Rc1 e5 13. h3 Re8 14. Ne4 Be7 15. Nxf6+ Bxf6 16. Be4 Nd4 17. Bd5 Nf5 18. Bc5 Qc7 19. Qe2 Bd7 20. Qe4 Rac8 21. Bb4 Nd4 22. Nxd4 exd4 23. Qf3 Bc6 24. Bd2 Qb6 25. b3 Bxd5 26. Qxd5 Re2 27. Rcd1 Rce8 28. Rde1 R8e5 29. Rxe2 Rxe2 30. Rd1 Bh4 31. Be1 d3 32. Qf3 Qe6 33. Kf1 Rxa2 34. Qxd3 Bf6 35. Rd2 Rxd2 36. Bxd2 Qe5 37. Be3 Qa1+ 38. Ke2 Qb2+ 1/2-1/2

[Event "FB1 2223 SG Solingen - Rodewischer Scha"]
[Site "?"]
[Date "2022.11.13"]
[Round "4.5"]
[White "Hagarova, Zuzana"]
[Black "Muedder, Melanie"]
[Result "1-0"]
[WhiteElo "2288"]
[BlackElo "1926"]
[PlyCount "37"]
[EventDate "2022.??.??"]

1. e4 c5 2. Nf3 Nc6 3. Nc3 e5 4. Bc4 Be7 5. d3 d6 6. O-O Nf6 7. Ng5 O-O 8. f4 Bg4 9. Qe1 Nd4 10. fxe5 dxe5 11. Qh4 h5 12. h3 Nxc2 13. hxg4 Nxa1 14. Nd5 Nxd5 15. Bxd5 Qd7 16. Qxh5 Bxg5 17. Bxg5 Nc2 18. Rf3 Nd4 19. Rh3 1-0

[Event "FB1 2223 SG Solingen - Rodewischer Scha"]
[Site "?"]
[Date "2022.11.13"]
[Round "4.6"]
[White "Sereda, Yaroslava"]
[Black "Miturova, Magdalena"]
[Result "0-1"]
[WhiteElo "1909"]
[BlackElo "2150"]
[PlyCount "80"]
[EventDate "2022.??.??"]

1. e4 e5 2. Nf3 Nc6 3. Bb5 a6 4. Ba4 Nf6 5. d3 b5 6. Bb3 Be7 7. a4 Rb8 8. axb5 axb5 9. O-O O-O 10. Nc3 d6 11. h3 Be6 12. Nd5 Qd7 13. c3 Bd8 14. Bg5 Bxd5 15. exd5 Ne7 16. Bxf6 gxf6 17. Nh2 f5 18. d4 Ng6 19. dxe5 dxe5 20. Re1 Rb6 21. Ra8 e4 22. Nf1 Nf4 23. Re3 Rg6 24. Rg3 Nd3 25. Rxg6+ hxg6 26. Qd2 Be7 27. Rxf8+ Bxf8 28. c4 Bg7 29. Ne3 Nxb2 30. cxb5 Qxb5 31. Qc2 Qa5 32. Qb1 Qc3 33. Ba2 Bd4 34. Nc2 Bb6 35. Ne1 Qd2 36. Nc2 Qxf2+ 37. Kh1 Nd3 38. Bc4 Nf4 39. Qf1 Qxc2 40. Qxf4 Qxc4 0-1

[Event "FB1 2223 SV Hemer 1932 - SV Weißblau A"]
[Site "?"]
[Date "2022.11.13"]
[Round "4.1"]
[White "Cyfka, Karina"]
[Black "Schulze, Lara"]
[Result "1/2-1/2"]
[WhiteElo "2339"]
[BlackElo "2277"]
[PlyCount "37"]
[EventDate "2022.??.??"]

1. d4 d5 2. Nf3 Nf6 3. Bf4 e6 4. Nbd2 Bd6 5. e3 O-O 6. Bd3 c5 7. dxc5 Bxf4 8. exf4 Qc7 9. g3 a5 10. a4 Nbd7 11. Nb3 Nxc5 12. Nxc5 Qxc5 13. O-O b6 14. Qe2 d4 15. Qe5 Rd8 16. Qxc5 bxc5 17. Nd2 Bb7 18. Rfe1 g6 19. Nc4 1/2-1/2

[Event "FB1 2223 SV Hemer 1932 - SV Weißblau A"]
[Site "?"]
[Date "2022.11.13"]
[Round "4.2"]
[White "Cosma, Elena-Luminita"]
[Black "Jaracz, Barbara"]
[Result "1/2-1/2"]
[WhiteElo "2244"]
[BlackElo "2185"]
[PlyCount "110"]
[EventDate "2022.??.??"]

1. d4 d5 2. c4 c6 3. Nf3 Nf6 4. cxd5 cxd5 5. Nc3 Nc6 6. Bf4 Nh5 7. Bd2 e6 8. Rc1 Be7 9. Ne5 O-O 10. Nxc6 bxc6 11. e3 Nf6 12. Na4 Bb7 13. Bd3 Nd7 14. O-O g6 15. f4 f5 16. b4 g5 17. Qe2 Rb8 18. fxg5 Bxg5 19. g4 Qe7 20. Kh1 fxg4 21. Qxg4 Kh8 22. Qh5 Rxf1+ 23. Rxf1 Rf8 24. Nc5 Rxf1+ 25. Bxf1 Nxc5 26. bxc5 Bf6 27. Bd3 Bc8 28. Ba5 Kg8 29. Be1 Bd7 30. Bg3 Qg7 31. Bd6 h6 32. Bg6 Bg5 33. Be5 Qf8 34. Bd3 Qf7 35. Qe2 Be8 36. Kg2 Qh5 37. Qxh5 Bxh5 38. Kf2 Kf8 39. Ba6 Ke7 40. Bc8 Bf7 41. Ke2 Kd8 42. Ba6 Bg6 43. Kd2 Kd7 44. Bb8 h5 45. Bxa7 e5 46. Bd3 Bxd3 47. Kxd3 e4+ 48. Ke2 Kc8 49. Bb6 Kb7 50. Ba5 Ka6 51. Bd2 Kb5 52. Kd1 Kc4 53. Kc2 Bh6 54. Kb2 Bf8 55. Kc2 Bh6 1/2-1/2

[Event "FB1 2223 SV Hemer 1932 - SV Weißblau A"]
[Site "?"]
[Date "2022.11.13"]
[Round "4.3"]
[White "Hincu, Olga"]
[Black "Voicu-Jagodzinsky, Carmen"]
[Result "1-0"]
[WhiteElo "2116"]
[BlackElo "2300"]
[PlyCount "83"]
[EventDate "2022.??.??"]

1. c4 Nf6 2. Nc3 e6 3. g3 d5 4. cxd5 exd5 5. d4 Be7 6. Bg2 O-O 7. Nf3 c6 8. O-O Re8 9. Ne5 Bf5 10. Bf4 Nbd7 11. Rc1 Nf8 12. f3 c5 13. e4 Be6 14. Be3 dxe4 15. fxe4 cxd4 16. Bxd4 N8d7 17. Nd5 Bxd5 18. exd5 Nxe5 19. Bxe5 Bc5+ 20. Bd4 Bxd4+ 21. Qxd4 Qd6 22. Rfe1 a6 23. Rxe8+ Rxe8 24. Qc5 Qe5 25. d6 Qxb2 26. Rd1 Qe2 27. Qd4 Qb5 28. a4 Qd7 29. Rc1 h5 30. Rc7 Re1+ 31. Bf1 Qf5 32. Qf2 Qb1 33. a5 Rd1 34. Qf4 Qd3 35. Rxb7 Qd5 36. Rb6 Ne4 37. d7 Qd4+ 38. Kh1 Nf2+ 39. Kg2 Ng4 40. Rb8+ Kh7 41. Qxd4 Rxd4 42. d8=Q 1-0

[Event "FB1 2223 SV Hemer 1932 - SV Weißblau A"]
[Site "?"]
[Date "2022.11.13"]
[Round "4.4"]
[White "Kucharska, Honorata"]
[Black "Wagenschuetz, Evelyn"]
[Result "1-0"]
[WhiteElo "2180"]
[BlackElo "2103"]
[PlyCount "117"]
[EventDate "2022.??.??"]

1. e4 c5 2. Nf3 d6 3. d4 cxd4 4. Qxd4 Nc6 5. Bb5 Bd7 6. Qd3 Nf6 7. c4 g6 8. O-O Bg7 9. Nc3 O-O 10. h3 Rc8 11. Bxc6 Bxc6 12. Be3 b6 13. Rac1 Nd7 14. Nd4 Nc5 15. Qc2 Bb7 16. Rfd1 Ne6 17. Nxe6 fxe6 18. Qd3 Qe8 19. b3 Qf7 20. f3 Be5 21. Ne2 Rfd8 22. Bd4 Bf6 23. Qe3 e5 24. Bb2 e6 25. Nc3 Qe7 26. Qd3 Bg5 27. Rb1 a6 28. a4 Qc7 29. Kh1 Qc5 30. Bc1 Bf4 31. Bxf4 exf4 32. Rd2 Kf7 33. Rbd1 Ke7 34. Ne2 Qe5 35. Nd4 g5 36. Re2 Kf6 37. Qd2 h5 38. Rf1 Rc7 39. Ree1 Rh7 40. Ne2 Ke7 41. Rd1 Rf8 42. Qb4 Qc5 43. Qc3 g4 44. b4 Qe5 45. c5 bxc5 46. Qxe5 dxe5 47. bxc5 Rc8 48. Rb1 Kf6 49. Rfc1 gxf3 50. gxf3 Rhc7 51. Rb6 a5 52. h4 Bc6 53. Nc3 Rd7 54. Nb5 Rd2 55. Rg1 Ba8 56. Rd6 Ra2 57. Rd7 Bc6 58. Rdg7 Be8 59. Nd6 1-0

[Event "FB1 2223 SV Hemer 1932 - SV Weißblau A"]
[Site "?"]
[Date "2022.11.13"]
[Round "4.5"]
[White "Schulz, Petra"]
[Black "Kulovana, Eva"]
[Result "0-1"]
[WhiteElo "2003"]
[BlackElo "2187"]
[PlyCount "140"]
[EventDate "2022.??.??"]

1. e4 c6 2. d4 d5 3. Nc3 dxe4 4. Nxe4 Bf5 5. Ng3 Bg6 6. h4 h6 7. Nf3 Nf6 8. h5 Bh7 9. Bd3 Bxd3 10. Qxd3 e6 11. Bd2 c5 12. Qb5+ Qd7 13. Qxd7+ Nbxd7 14. Ne2 Rc8 15. c3 Be7 16. dxc5 Nxc5 17. Ned4 Nd3+ 18. Ke2 Nxb2 19. Rab1 Nc4 20. Rxb7 Nxd2 21. Nxd2 Bc5 22. Rb3 O-O 23. Rh4 Bb6 24. N4f3 Rc5 25. g4 Rfc8 26. c4 Ne8 27. Rb5 Nd6 28. Rxc5 Rxc5 29. Kd3 Ra5 30. Nb3 Rxa2 31. Nfd2 Bxf2 32. Rh2 Be1 33. c5 Nb5 34. Re2 Bxd2 35. Nxd2 Nc7 36. Re4 Ra3+ 37. Kc2 Nd5 38. Kb2 Ra6 39. Rc4 Rc6 40. Nb3 e5 41. Ra4 a6 42. Kc2 g6 43. Re4 f6 44. hxg6 Kg7 45. Kd3 Kxg6 46. Kc4 Ne7 47. Re1 Kg5 48. Rh1 Rc8 49. Ra1 Kxg4 50. Rxa6 Kf5 51. Na5 h5 52. Nb7 Rf8 53. Nd6+ Kf4 54. c6 e4 55. c7 f5 56. Kc5 e3 57. Ra1 Kg3 58. Kd4 f4 59. Kd3 h4 60. Rg1+ Kf2 61. Rh1 Rh8 62. Rh2+ Kg1 63. Rb2 h3 64. Rb8 Rh6 65. Nf5 Rc6 66. Nxe7 Rxc7 67. Nf5 Rd7+ 68. Ke2 Rd2+ 69. Ke1 h2 70. Rg8+ Rg2 0-1

[Event "FB1 2223 SV Hemer 1932 - SV Weißblau A"]
[Site "?"]
[Date "2022.11.13"]
[Round "4.6"]
[White "Dartmann Aubanell, Catriona"]
[Black "Just, Anita"]
[Result "0-1"]
[WhiteElo "1868"]
[BlackElo "1898"]
[PlyCount "74"]
[EventDate "2022.??.??"]

1. e4 e6 2. d4 d5 3. Bd3 c5 4. exd5 Qxd5 5. Nc3 Qd8 6. dxc5 Bxc5 7. Nf3 Nf6 8. O-O O-O 9. Bg5 Nc6 10. Qe2 Nd4 11. Nxd4 Qxd4 12. Bxf6 gxf6 13. Rad1 Qh4 14. Ne4 Be7 15. f4 f5 16. Nd2 Kh8 17. Rf3 Rg8 18. Qe1 b6 19. Qxh4 Bxh4 20. Rh3 Bf6 21. c3 Bb7 22. Nf3 Rad8 23. Kf2 Be4 24. Be2 Rxd1 25. Bxd1 Rd8 26. Bb3 b5 27. Ne5 Bxe5 28. fxe5 Rd2+ 29. Ke3 Rxg2 30. Rh6 Kg7 31. Rf6 Rxh2 32. Bxe6 fxe6 33. Rxe6 a5 34. Re7+ Kg6 35. a4 Rxb2 36. axb5 Rxb5 37. Ra7 Rxe5 0-1

[Event "FB1 2223 SC 1957 Bad Königshofen  - Sch"]
[Site "?"]
[Date "2022.11.13"]
[Round "4.1"]
[White "Klek, Hanna Marie"]
[Black "Osmak, Yuliia"]
[Result "1/2-1/2"]
[WhiteElo "2315"]
[BlackElo "2442"]
[PlyCount "301"]
[EventDate "2022.??.??"]

1. e4 e6 2. d4 d5 3. e5 c5 4. c3 Nc6 5. Nf3 Bd7 6. Bd3 cxd4 7. O-O dxc3 8. Nxc3 Nge7 9. Re1 Ng6 10. g3 Be7 11. h4 f5 12. exf6 gxf6 13. Bh6 Bf8 14. Bd2 Kf7 15. Rc1 a6 16. a3 Bd6 17. Bb1 Qc7 18. Bh6 Rae8 19. Ba2 Bxg3 20. Nxd5 Qd6 21. Nb6 Nxh4 22. Nxh4 Nd4 23. Re4 Rhg8 24. Kf1 Bxf2 25. Qh5+ Ke7 26. Nd5+ Kd8 27. Bf4 e5 28. Bd2 Nc6 29. Kxf2 f5 30. Re2 Be6 31. Bg5+ Kc8 32. Rd2 Kb8 33. Nf6 Nd4 34. Nxe8 Qb6 35. Be3 Bxa2 36. Nc7 f4 37. Bxd4 exd4 38. Qe5 d3+ 39. Rc5 Ka7 40. b4 Qh6 41. Qh5 Qg7 42. Rg5 Qxg5 43. Qxg5 Rxg5 44. Rxa2 a5 45. Nf3 Rf5 46. b5 Rc5 47. Rd2 Rxc7 48. Rxd3 Kb6 49. Nd4 Rc4 50. Kf3 Kc5 51. Nf5 a4 52. Nd6 Rc1 53. Kxf4 b6 54. Ke5 Re1+ 55. Ne4+ Kxb5 56. Kd5 Ka5 57. Nd6 Rb1 58. Kc6 Rc1+ 59. Kb7 Rc5 60. Rg3 Rd5 61. Kc6 Rc5+ 62. Kb7 Rd5 63. Nc4+ Kb5 64. Nxb6 Rf5 65. Rg7 h6 66. Rd7 h5 67. Rh7 Rg5 68. Kc7 Rc5+ 69. Kb7 Rg5 70. Rc7 h4 71. Nc8 Rd5 72. Na7+ Ka5 73. Nc6+ Kb5 74. Na7+ Ka5 75. Rh7 Rg5 76. Nc6+ Kb5 77. Nd4+ Kc4 78. Rxh4 Rg6 79. Rf4 Kc5 80. Ne2 Rb6+ 81. Ka7 Rb2 82. Nc1 Kb5 83. Nd3 Rb3 84. Rf5+ Kc4 85. Ne5+ Kc3 86. Ka6 Kd4 87. Nc6+ Ke4 88. Re5+ Kf4 89. Re1 Rxa3 90. Kb5 Re3 91. Rd1 a3 92. Nb4 Ke4 93. Ka4 Rc3 94. Rd2 Ke3 95. Rh2 Ke4 96. Na2 Rg3 97. Kb4 Kd4 98. Nc1 Kd5 99. Nb3 Re3 100. Rd2+ Kc6 101. Kxa3 Kb5 102. Rd5+ Kc6 103. Rh5 Re4 104. Nd2 Rd4 105. Nb1 Rd5 106. Rh6+ Rd6 107. Rh4 Kc5 108. Nc3 Rd4 109. Rh8 Rg4 110. Rc8+ Kd4 111. Kb3 Rg7 112. Rd8+ Ke5 113. Kc4 Rc7+ 114. Kd3 Rh7 115. Re8+ Kf5 116. Kd4 Rh1 117. Re5+ Kg6 118. Ne2 Kf6 119. Kd5 Re1 120. Re4 Kf7 121. Rf4+ Kg6 122. Ng3 Kg5 123. Rf8 Kg4 124. Ne4 Ra1 125. Nf2+ Kg5 126. Ke4 Ra4+ 127. Ke3 Ra3+ 128. Nd3 Ra6 129. Nc5 Ra1 130. Ne4+ Kg6 131. Rf2 Ra5 132. Rf6+ Kg7 133. Kf4 Ra1 134. Rc6 Kf7 135. Kf5 Ra5+ 136. Nc5 Ke7 137. Kg6 Ra1 138. Re6+ Kd8 139. Ne4 Rf1 140. Nf6 Kc7 141. Kf7 Rc1 142. Ke7 Rc6 143. Nd5+ Kb7 144. Re4 Rh6 145. Rb4+ Ka6 146. Kd7 Ka5 147. Rb1 Ka4 148. Nb6+ Ka3 149. Nc4+ Ka4 150. Rb6 Rxb6 151. Nxb6+ 1/2-1/2

[Event "FB1 2223 SC 1957 Bad Königshofen  - Sch"]
[Site "?"]
[Date "2022.11.13"]
[Round "4.2"]
[White "Kiolbasa, Oliwia"]
[Black "Schleining, Zoya"]
[Result "1/2-1/2"]
[WhiteElo "2406"]
[BlackElo "2337"]
[PlyCount "173"]
[EventDate "2022.??.??"]

1. e4 c5 2. Nf3 Nc6 3. d4 cxd4 4. Nxd4 g6 5. c4 Nf6 6. Nc3 Nxd4 7. Qxd4 d6 8. Be2 Bg7 9. O-O O-O 10. Qd3 a5 11. Be3 a4 12. Bd4 Bd7 13. b4 axb3 14. axb3 Bc6 15. b4 b6 16. f4 e5 17. Rxa8 Qxa8 18. fxe5 Nxe4 19. exd6 Bxd4+ 20. Qxd4 Nxc3 21. Qxc3 Bxg2 22. Bf3 Bxf3 23. Qxf3 Qa4 24. Qc3 Rc8 25. Qf6 Rf8 26. Qb2 h5 27. Qd2 h4 28. d7 Rd8 29. Ra1 h3 30. Kf2 Qc6 31. Qd5 Qc7 32. Kg1 Qf4 33. Ra2 Qe3+ 34. Kf1 Qf4+ 35. Ke1 Qe3+ 36. Kf1 Qf4+ 37. Rf2 Qc1+ 38. Ke2 Qb2+ 39. Kf1 Qc1+ 40. Ke2 Qb2+ 41. Ke3 Qc3+ 42. Kf4 Qf6+ 43. Kg3 Qe7 44. Rd2 Qe3+ 45. Kh4 Qe7+ 46. Kxh3 Qxb4 47. Kg2 Qe7 48. Kf1 Qf6+ 49. Kg2 Qe6 50. Qd4 Qc6+ 51. Kg3 Qc7+ 52. Kg4 Qc6 53. Kg5 Qe6 54. Rd3 Qf5+ 55. Kh4 Qh5+ 56. Kg3 Qg5+ 57. Kf3 Qf5+ 58. Kg2 Qe6 59. Kf1 Qf5+ 60. Ke1 Qe6+ 61. Kd1 Qc6 62. h4 Qa4+ 63. Kc1 Qc6 64. Kd2 Qg2+ 65. Kc3 Qc6 66. Qe5 Qc5 67. Qe8+ Qf8 68. Re3 Kg7 69. Kb3 b5 70. cxb5 Qc5 71. Re5 Qb6 72. Qe7 Qc7 73. Rd5 Qg3+ 74. Kb4 Qf4+ 75. Kc5 Qc7+ 76. Kb4 Qb6 77. Qc5 Qe6 78. Rd6 Qe1+ 79. Qc3+ Qxc3+ 80. Kxc3 Kf8 81. Kd4 Ke7 82. Ke5 Rb8 83. d8=Q+ Rxd8 84. Rxd8 f6+ 85. Kd5 Kxd8 86. Ke6 f5 87. h5 1/2-1/2

[Event "FB1 2223 SC 1957 Bad Königshofen  - Sch"]
[Site "?"]
[Date "2022.11.13"]
[Round "4.3"]
[White "Belenkaya, Dina"]
[Black "Maltsevskaya, Aleksandra"]
[Result "1-0"]
[WhiteElo "2292"]
[BlackElo "2402"]
[PlyCount "109"]
[EventDate "2022.??.??"]

1. e4 c5 2. Nf3 e6 3. d4 cxd4 4. Nxd4 Nc6 5. Nc3 a6 6. g3 d6 7. Bg2 Bd7 8. O-O Nf6 9. Re1 Qc7 10. Nxc6 bxc6 11. Na4 e5 12. c4 Be7 13. c5 Rb8 14. Bg5 dxc5 15. Bf1 Be6 16. Qc2 O-O 17. b3 a5 18. Bxf6 gxf6 19. Nxc5 Bxc5 20. Qxc5 a4 21. bxa4 Ra8 22. Bb5 Rfc8 23. Rec1 Qd8 24. Bc4 Rxa4 25. Bxe6 fxe6 26. Rc4 Rxc4 27. Qxc4 Kf7 28. Rb1 Rc7 29. a4 Qd4 30. Qe2 Rd7 31. a5 c5 32. a6 c4 33. Qh5+ Kg7 34. Qg4+ Kf7 35. Kg2 Qa7 36. Qh5+ Kg7 37. Qg4+ Kf7 38. Qh5+ Kg7 39. Qe8 c3 40. Rb8 c2 41. Rc8 Rc7 42. Qg8+ Kh6 43. Qxe6 Kg6 44. Qg8+ Kh6 45. Qe6 Kg6 46. Rf8 Rf7 47. Rg8+ Rg7 48. Qf5+ Kf7 49. Rc8 Qxa6 50. Qh5+ Ke6 51. Qe8+ Kd6 52. Qd8+ Ke6 53. Qd5+ Ke7 54. Rc7+ Ke8 55. Rxg7 1-0

[Event "FB1 2223 SC 1957 Bad Königshofen  - Sch"]
[Site "?"]
[Date "2022.11.13"]
[Round "4.4"]
[White "Wagner, Dinara"]
[Black "Rapport, Jovana"]
[Result "0-1"]
[WhiteElo "2420"]
[BlackElo "2289"]
[PlyCount "86"]
[EventDate "2022.??.??"]

1. d4 Nf6 2. c4 g6 3. Nc3 Bg7 4. e4 d6 5. Nf3 O-O 6. Be2 e5 7. O-O Na6 8. Be3 c6 9. dxe5 dxe5 10. Qxd8 Rxd8 11. h3 Nd7 12. Rfd1 Re8 13. a3 Nc7 14. b4 Nf8 15. c5 Be6 16. a4 Red8 17. b5 Bd7 18. Bc4 Nfe6 19. Rab1 Be8 20. Rxd8 Nxd8 21. Rd1 Kf8 22. Nd2 Bf6 23. Nb3 Kg7 24. g3 Be7 25. f4 f6 26. f5 h5 27. Kf2 g5 28. Na5 Kh7 29. Be2 Kg7 30. Rd2 Kf8 31. Kg2 Rb8 32. b6 Na6 33. Nxb7 Nxb7 34. Bxa6 Nxc5 35. Bxc5 Bxc5 36. b7 Ke7 37. Nd1 Bd4 38. Nb2 c5 39. Nc4 Bc6 40. Kf3 Bxb7 41. Na5 Bxa6 42. Nc6+ Kd6 43. Nxb8 Bb7 0-1

[Event "FB1 2223 SC 1957 Bad Königshofen  - Sch"]
[Site "?"]
[Date "2022.11.13"]
[Round "4.5"]
[White "Koepke, Elena"]
[Black "Melamed, Tatjana"]
[Result "1-0"]
[WhiteElo "2260"]
[BlackElo "2366"]
[PlyCount "135"]
[EventDate "2022.??.??"]

1. e4 c5 2. Nf3 e6 3. c3 Nf6 4. e5 Nd5 5. Bc4 d6 6. d4 cxd4 7. cxd4 Nc6 8. O-O Be7 9. Qe2 O-O 10. Rd1 Na5 11. Bd3 Nb4 12. Nc3 Nxd3 13. Rxd3 b6 14. b4 Nc6 15. a3 d5 16. Bf4 Bd7 17. Qd2 Rc8 18. Ng5 f6 19. exf6 Bxf6 20. Nf3 Be8 21. Qe3 Bg6 22. Rd2 Kh8 23. h3 Ne7 24. g4 Rc4 25. Rdd1 Qc8 26. Ne2 Bc2 27. Rdc1 Ng6 28. Bd6 Rd8 29. Bg3 b5 30. Be5 Bxe5 31. Nxe5 Nxe5 32. Qxe5 Qb8 33. Qxb8 Rxb8 34. Nf4 Rf8 35. Nxe6 Rf3 36. Ng5 Rf8 37. Re1 h6 38. Ne6 Rf3 39. Re3 Be4 40. Rxf3 Bxf3 41. Re1 Be4 42. Re3 g5 43. f3 Bg6 44. f4 gxf4 45. Nxf4 Be4 46. Ne2 Rc2 47. Kf2 Kg7 48. Kg3 Rd2 49. Kf4 Kf6 50. h4 Rd1 51. g5+ hxg5+ 52. hxg5+ Kg7 53. Ke5 Re1 54. Kd6 Kf7 55. g6+ Kg7 56. Kc5 Kf6 57. g7 Kxg7 58. Rg3+ Kf6 59. Nc3 Kf5 60. Nxb5 Kf4 61. Rc3 Bg2 62. Nxa7 Ke4 63. b5 Rb1 64. b6 Bf1 65. a4 Ba6 66. Nb5 Ra1 67. Nd6+ Kf4 68. Kb4 1-0

[Event "FB1 2223 SC 1957 Bad Königshofen  - Sch"]
[Site "?"]
[Date "2022.11.13"]
[Round "4.6"]
[White "Savina, Anastasia"]
[Black "Jelica, Mara"]
[Result "1/2-1/2"]
[WhiteElo "2354"]
[BlackElo "2111"]
[PlyCount "70"]
[EventDate "2022.??.??"]

1. d4 d5 2. c4 e6 3. Nc3 c5 4. cxd5 exd5 5. Nf3 Nc6 6. g3 c4 7. Bg2 Nf6 8. O-O Be7 9. Ne5 O-O 10. Bf4 Be6 11. b3 cxb3 12. Nxc6 bxc6 13. axb3 Bd6 14. Bxd6 Qxd6 15. Na4 Bf5 16. Nc5 Rfe8 17. Ra6 Nd7 18. Nd3 Nb8 19. Ra2 Nd7 20. Ra6 Nb8 21. Ra2 Nd7 22. Qd2 Rab8 23. Qc3 h6 24. Rc1 Rb6 25. Nc5 Qb8 26. Na4 Rxb3 27. Qxc6 Nf6 28. Qa6 Rb1 29. Ra1 Rxa1 30. Rxa1 Re6 31. Qa5 Rxe2 32. Nc3 Rb2 33. h3 Rb7 34. Nxd5 Nxd5 35. Qxd5 Rb5 1/2-1/2